000 00618nam a2200229Ia 4500
005 20241216005952.0
008 180423s9999||||xx |||||||||||||| ||und||
020 _a950-582-210-4
082 _a302.2
_bK22
100 _aKAPLUN, MARIO
245 0 _aEL COMUNICADOR POPULAR
250 _a0
260 _aARGENTINA
_bLUMEN HVMANITAS
_c1996
300 _a263 pag.
_c22 cm
341 _h65
490 _v0
_a0
505 _aMODELOS DE COMUNICACION-EDUCACION/PROCESOS COMUNICATIVOS
541 _aC
_bLIBRERIS SAN CRISTOBAL
_d29-Jan-02
_odólar
650 _aCIENCIAS SOCIALES
856 _zHumanidades
942 _cLIBRO
999 _c2011
_d2011